TB. OF OBSTETRICS (Record no. 10963)

MARC details
000 -LEADER
fixed length control field 00285nam a22001337a 4500
003 - CONTROL NUMBER IDENTIFIER
control field SGT
082 ## - DEWEY DECIMAL CLASSIFICATION NUMBER
Classification number 610.73678
Item number O16B
100 ## - MAIN ENTRY--PERSONAL NAME
Personal name BALAKRISHAN, SHEILA
245 ## - TITLE STATEMENT
Title TB. OF OBSTETRICS
260 ## - PUBLICATION, DISTRIBUTION, ETC. (IMPRINT)
Place of publication, distribution, etc INDIA
Name of publisher, distributor, etc PARS
Year of Publication 2016
300 ## - PAGE DESCRIPTION
No. of Pages 623
650 ## - SUBJECT ADDED ENTRY--TOPICAL TERM
Topical term or geographic name as entry element OBSTETRICS
942 ## - ADDED ENTRY ELEMENTS (KOHA)
Source of classification or shelving scheme Dewey Decimal Classification
Koha item type Books
942 ## - ADDED ENTRY ELEMENTS (KOHA)
-- 27
Holdings
Withdrawn status Lost status Source of classification or shelving scheme Damaged status Not for loan Collection code Home library Current library Shelving location Date acquired Vendor Name Cost, normal purchase price SGTU Bill Number Total Checkouts Full call number Accession No. (Barcode) Date last seen Date last borrowed Bill Date Koha item type
    Dewey Decimal Classification     NURSING SGT Medical Library SGT Medical Library Text Book 16/02/2017 ABC 675.00 SGTU 7429 15 610.73678 O16B FN3466 24/01/2025 22/01/2025 04/11/2016 Books
    Dewey Decimal Classification     NURSING SGT Medical Library SGT Medical Library Text Book 16/02/2017 ABC 675.00 SGTU 7429 8 610.73678 O16B FN3467 21/02/2025 10/02/2025 04/11/2016 Books
    Dewey Decimal Classification     NURSING SGT Medical Library SGT Medical Library Text Book 16/02/2017 ABC 675.00 SGTU 7429 11 610.73678 O16B FN3468 09/11/2023 26/10/2023 04/11/2016 Books
    Dewey Decimal Classification     NURSING SGT Medical Library SGT Medical Library Text Book 16/02/2017 ABC 675.00 SGTU 7429 8 610.73678 O16B FN3469 17/11/2025 25/10/2025 04/11/2016 Books
    Dewey Decimal Classification     NURSING SGT Medical Library SGT Medical Library Text Book 16/02/2017 ABC 675.00 SGTU 7429 3 610.73678 O16B FN3470 25/08/2023 19/08/2023 04/11/2016 Books